| 000 | 00473nam a2200181Ia 4500 | ||
|---|---|---|---|
| 001 | 17766 | ||
| 005 | 20260306171541.0 | ||
| 008 | 260306s9999||||xx |||||||||||||| ||und|| | ||
| 041 | _aESP | ||
| 082 |
_a658.155 _bM84 |
||
| 100 |
_aMontes Salazar, Carlos Alberto _eAUT |
||
| 245 | 0 | _aRiesgos de fraude en una auditoría de estados financieros | |
| 260 | _c2018 | ||
| 300 |
_axiv, 194 páginas : _c28 cm. |
||
| 650 | _aGEN | ||
| 654 | _aCAN | ||
| 942 |
_cLIB _dJUS _fJUS _2ddc _n |
||
| 999 |
_c17766 _d17766 |
||